Statystyki dla Najwięksi producenci ziemniaków

Kliknij tutaj aby rozwiązać quiz!

Ogólne statystyki

  • Ten quiz został rozwiązany 99 razy
  • Średni wynik to 8 z 10

Statystyki odpowiedzi

ilość (w mln ton)Odpowiedź% Poprawnych
7,5 mln tonPolska
99%
22,4 mln tonRosja
95%
20,6 mln tonUSA
95%
90,3 mln tonChiny
94%
8,9 mln tonNiemcy
90%
7,9 mln tonFrancja
86%
48,5 mln tonIndie
86%
22,5 mln tonUkraina
86%
6 mln tonHolandia
40%
9,7 mln tonBangladesz
12%

Rozkład punktacji

Percentyl według liczby udzielonych odpowiedzi

Procent ludzi z każdym wynikiem

Twoja historia wyników

Nie rozwiązałeś tego quizu